| Поле | Инд. | ПП | Название | Значение |
|---|---|---|---|---|
| Тип записи | a | |||
| Библиографический уровень | m | |||
| 001 | Контрольный номер | cd4855fc-1eea-468f-9205-218fe940ae30 | ||
| 005 | Дата корректировки | 20140703130402.1 | ||
| 008 | Кодируемые данные | 040602 | ||
| 020 | a | ISBN | 5-93913-056-9 | |
| c | Цена, тираж | 121.00 | ||
| 040 | a | Служба первич. каталог. | НБ ТвГУ | |
| 041 | a | Код языка текста | rus | |
| 080 | a | Индекс УДК | 025.5 | |
| a | Индекс УДК | 002.66 | ||
| 084 | a | Индекс другой классификации/Индекс ББК | Ч758.4 | |
| a | Индекс другой классификации/Индекс ББК | Ч238 | ||
| 090 | x | Авторский знак | Б87 | |
| a | Полочн. индекс | Ч758.4 | ||
| 100 | 1_ | a | Автор | Брежнева Валентина Владимировна |
| 245 | 10 | a | Заглавие | Информационное обслуживание: продукты и услуги, предоставляемые библиотеками и службами информации предприятий |
| b | Продолж. заглавия | учеб.-практ. пособие | ||
| c | Ответственность | В. В. Брежнева, В. А. Минкина; С.-Петерб. гос. ун-т культуры и искусств | ||
| 260 | 0_ | a | Место издания | СПб. |
| b | Издательство | Профессия | ||
| c | Дата издания | 2004 | ||
| 300 | a | Объем | 303 с. | |
| b | Иллюстрации/ тип воспроизводства | табл. | ||
| 440 | a | Серия | Библиотека | |
| 504 | a | Библиография | Библиогр.: с.250-256. | |
| a | Библиография | Предм. указ.: с.297-303. | ||
| 583 | a | Действие | Получение впервые 254 02.06.2004 | |
| k | Исполнитель действия | ООО "Издательство Профессия" | ||
| 583 | a | Действие | Приписка 417 25.11.2004 | |
| k | Исполнитель действия | ОАО "БИБКОМ" | ||
| 650 | a | Основная рубрика | Информационное обслуживание | |
| 650 | a | Основная рубрика | Библиотеки | |
| 650 | a | Основная рубрика | Предприятия | |
| x | Основная подрубрика | Информационные службы | ||
| 653 | a | Ключевые слова | Информационное обслуживание | |
| a | Ключевые слова | Информационные продукты | ||
| a | Ключевые слова | Информационные услуги | ||
| a | Ключевые слова | Библиотеки | ||
| a | Ключевые слова | Службы информации предприятий | ||
| a | Ключевые слова | Информационные службы предприятий | ||
| a | Ключевые слова | Информационно-библиотечная деятельность | ||
| 700 | 1_ | a | Другие авторы | Минкина Валентина Альфредовна |
| e | Роль лиц | авт. | ||
| 852 | t | Порядковый номер экземпляра | 1 | |
| p | Инвентарный номер | 785807 | ||
| 852 | t | Порядковый номер экземпляра | 1 | |
| p | Инвентарный номер | 792213 156.83 | ||
| 888 | a | За счет средств университета | ||
| 952 | p | 254.2004 121.00 1 785807 | ||
| p | 417.2004 156.83 1 792213 | |||
| c | Вид литературы | К ру | ||
| 954 | a | Дата поступления на обработку | 20040906 | |
| 999 | a | Подразделение 2 | ОМСО | |
| a | Подразделение 2 | ИБО |